Héroes y Traidores /
Guardado en:
| Autor Principal: | |
|---|---|
| Formato: | |
| Publicado: |
Argentina,
2005.
|
| Series: | Algo Habrán Hecho Por La Historia Argentina - Capítulo 3
|
| Materias: | |
| Etiquetas: |
Agregar Etiqueta
Sin Etiquetas, Sea el primero en etiquetar este registro!
|
| LEADER | 01248ngm a22003375g 4500 | ||
|---|---|---|---|
| 001 | CEM.cems023060 | ||
| 008 | 130507s2005##################0###0#####d | ||
| 005 | 20241209160301.0 | ||
| 245 | 1 | 0 | |a Héroes y Traidores / |c Mario Pergolini. |
| 260 | |a Argentina, |c 2005. | ||
| 300 | |a 49'. | ||
| 490 | 0 | |a Algo Habrán Hecho Por La Historia Argentina - Capítulo 3 | |
| 500 | |a Consultar en ventanilla. | ||
| 505 | 0 | |a Campañas del Ejercito del Norte. José de San Martín y el Ejército de los Andes. Luchas entre unitarios y federales. Batalla de Cepeda. Martín Rodríguez como gobernador de Buenos Aires. Presidencia de Rivadavia. | |
| 538 | |a Soporte: DVD - Color: Si - Grabación DRD | ||
| 590 | |a Identificación SIABUC: DVD Nº 52 | ||
| 100 | 1 | |a Pergolini, Mario | |
| 082 | 9 | 8 | |/ PER-1 |
| 082 | 9 | 8 | |/ PIG-4 |
| 653 | |a HISTORIA | ||
| 653 | |a HISTORIA ARGENTINA | ||
| 653 | |a ALGO HABRAN HECHO POR LA HISTORIA ARGENTINA | ||
| 653 | |a RIVADAVIA | ||
| 653 | |a UNITARIOS Y FEDERALES | ||
| 653 | |a SAN MARTIN | ||
| 653 | |a CRUCE DE LOS ANDES | ||
| 653 | |a NIVEL PRIMARIO | ||
| 653 | |a NIVEL SECUNDARIO | ||
| 653 | |a SERIE DE TELEVISIÓN | ||
| 653 | |a DOCUMENTAL | ||
| 859 | |a CEMS |b BIB. CEMS - Depto. Recursos Didacticos |h 982 |i PER-1 |k DRD |p 1703.12 |t Ej.1 | ||
